Celeste Ost Quiz - Statistics

General Stats
  • This quiz has been taken 91 times
  • The average score is 19 of 43
Answer Stats
Answer % Correct
Farewell
82%
Reflection
77%
First Steps
74%
Golden
74%
Resurrections
69%
Reach for the Summit
68%
Scattered and Lost
66%
Confronting Myself
63%
Prologue
61%
Little Goth
55%
Awake
53%
Heart of the Mountain
52%
In the Mirror
52%
wavedash.ppt
52%
Anxiety
50%
Quiet and Falling
50%
Checking in
48%
Madeline and Theo
47%
Summit - no more Running Mix
47%
Starjump
44%
Spirit of Hospitality
42%
Beyond the Heart
40%
Golden Ridge - Golden Feather Mix
40%
Mirror Temple - Mirror Magic Mix
40%
Celestial Resort - Good Karma Mix
39%
Joy of Remembrance
39%
My Dearest Friends
37%
Postcard from Celeste Mountain
37%
Forsaken City - Sever the Skyline Mix
35%
Old Site - Black Moonrise Mix
35%
Reflection - Center of the Earth Mix
35%
The Woman and the Bird
34%
Exhale
32%
The Core - Say Goodbye Mix
32%
Vovô e Vovó
29%
In Stasis
27%
Fear of the Unknown
26%
Final Defiance
21%
Crash
19%
The Empty Space above
19%
Futility
16%
Area 1 Demo - Bonus Track
13%
Reconcilation
6%
No matching quizzes found
Score Distribution
Percent of People with Each Score
Percentile by Number Answered
Your Score History
You have not taken this quiz